000 00787nam a2200241 i 4500
001 bg
100 1 _aWimmer, Paweł.
245 1 0 _aFrontPage 2003 PL :
_bnie tylko dla webmasterów /
_cPaweł Wimmer.
260 _aGliwice :
_b"Helion",
_c2004.
300 _a98 s. :
_brys. ;
_c24 cm.
500 _aU dołu s. tyt. i okł.: stwórz szkielet witryny i schemat nawigacji, wykorzystaj szablony i style, opublikuj witrynę na serwerze.
504 _aIndeks.
650 9 _aFrontPage
655 _aPodręczniki
020 _a8373617299
040 _cBPK
041 0 _apol
080 _a004.42:004.738.52](07)
920 _a83-7361-729-9
942 _cKS
008 s pl f |000 0 pol
999 _c45518
_d45518
856 _uhttp://koha.tu.koszalin.pl/cgi-bin/koha/opac-detail.pl?biblionumber=45518
_yKatalog online BPK